70's by 90's - Statistics

General Stats
  • This quiz has been taken 8 times
  • The average score is 44 of 81
Answer Stats
70's by 90'S produit % Correct
73x93 6789
100%
71x91 6461
80%
92x71 6532
80%
91x72 6552
80%
71x93 6603
80%
92x72 6624
80%
91x73 6643
80%
71x94 6674
80%
93x72 6696
80%
73x92 6716
80%
91x74 6734
80%
71x95 6745
80%
72x94 6768
80%
92x74 6808
80%
91x75 6825
80%
72x95 6840
80%
73x94 6862
80%
74x93 6882
80%
92x75 6900
80%
73x95 6935
80%
74x94 6956
80%
93x75 6975
80%
96x71 6816
60%
71x97 6887
60%
96x72 6912
60%
76x91 6916
60%
76x92 6992
60%
96x73 7008
60%
74x95 7030
60%
94x75 7050
60%
76x93 7068
60%
96x74 7104
60%
75x95 7125
60%
76x94 7144
60%
96x75 7200
60%
76x95 7220
60%
76x96 7296
60%
71x98 6958
40%
72x97 6984
40%
91x77 7007
40%
71x99 7029
40%
72x98 7056
40%
73x97 7081
40%
92x77 7084
40%
78x91 7098
40%
72x99 7128
40%
73x98 7154
40%
93x77 7161
40%
92x78 7176
40%
74x97 7178
40%
91x79 7189
40%
73x99 7227
40%
94x77 7238
40%
74x98 7252
40%
93x78 7254
40%
92x79 7268
40%
75x97 7275
40%
95x77 7315
40%
74x99 7326
40%
94x78 7332
40%
93x79 7347
40%
75x98 7350
40%
76x97 7372
40%
96x77 7392
40%
95x78 7410
40%
75x99 7425
40%
94x79 7426
40%
76x98 7448
40%
77x97 7469
40%
96x78 7488
40%
95x79 7505
40%
76x99 7524
40%
77x98 7546
40%
97x78 7566
40%
96x79 7584
40%
77x99 7623
40%
78x98 7644
40%
97x79 7663
40%
78x99 7722
40%
98x79 7742
40%
79x99 7821
40%
No matching quizzes found
Score Distribution
Percent of People with Each Score
Percentile by Number Answered
Your Score History
You have not taken this quiz